| 000 | 00452nam a22001457a 4500 | ||
|---|---|---|---|
| 003 | SISC | ||
| 005 | 20161103090238.0 | ||
| 008 | 161103b xxu||||| |||| 00| 0 eng d | ||
| 020 | _a9781632400925 | ||
| 050 |
_aHD 38.7 _b.B979 2015 |
||
| 245 |
_aBusiness intelligence for business development / _cedited by Wendy Witte. |
||
| 260 |
_aNew Jersey : _bClanrye International , _c2015. |
||
| 300 |
_a110 pages : _billustrations ; _c23 pages. |
||
| 942 |
_2lcc _cBK |
||
| 999 |
_c305163 _d305163 |
||